<?xml version="1.0" encoding="UTF-8"?><?xml-stylesheet type="text/xsl" href="static/style.xsl"?><OAI-PMH xmlns="http://www.openarchives.org/OAI/2.0/" xmlns:xsi="http://www.w3.org/2001/XMLSchema-instance" xsi:schemaLocation="http://www.openarchives.org/OAI/2.0/ http://www.openarchives.org/OAI/2.0/OAI-PMH.xsd"><responseDate>2026-04-29T02:38:03Z</responseDate><request verb="GetRecord" identifier="oai:repisalud.isciii.es:20.500.12105/16349" metadataPrefix="marc">https://repisalud.isciii.es/rest/oai/request</request><GetRecord><record><header><identifier>oai:repisalud.isciii.es:20.500.12105/16349</identifier><datestamp>2024-11-29T11:54:04Z</datestamp><setSpec>com_20.500.12105_2052</setSpec><setSpec>com_20.500.12105_2051</setSpec><setSpec>com_20.500.12105_15322</setSpec><setSpec>col_20.500.12105_19613</setSpec><setSpec>col_20.500.12105_16984</setSpec></header><metadata><record xmlns="http://www.loc.gov/MARC21/slim" xmlns:dcterms="http://purl.org/dc/terms/" xmlns:doc="http://www.lyncode.com/xoai" xmlns:xsi="http://www.w3.org/2001/XMLSchema-instance" xsi:schemaLocation="http://www.loc.gov/MARC21/slim http://www.loc.gov/standards/marcxml/schema/MARC21slim.xsd">
   <leader>00925njm 22002777a 4500</leader>
   <datafield ind2=" " ind1=" " tag="042">
      <subfield code="a">dc</subfield>
   </datafield>
   <datafield ind2=" " ind1=" " tag="720">
      <subfield code="a">Herrero-Diez, María Teresa</subfield>
      <subfield code="e">author</subfield>
   </datafield>
   <datafield ind2=" " ind1=" " tag="720">
      <subfield code="a">Catalá-López, Ferrán</subfield>
      <subfield code="e">author</subfield>
   </datafield>
   <datafield ind2=" " ind1=" " tag="260">
      <subfield code="c">2023-03-30</subfield>
   </datafield>
   <datafield ind2=" " ind1=" " tag="520">
      <subfield code="a">[ES] Objetivo: Las enfermedades infecciosas prevenibles mediante vacunación son una causa de morbilidad y mortalidad en niños trasplantados. El objetivo principal de este estudio fue sintetizar la evidencia disponible de la cobertura vacunal en niños y adolescentes candidatos o receptores de trasplante y analizar las creencias, actitudes y experiencias acerca de la vacunación. Metodos: Se realizó una revisión sistemática de métodos mixtos (registro Open Science Framework: https://osf.io/auqn3/). Se llevaron a cabo búsquedas en PubMed/MEDLINE, EMBASE, IBECS y LILACS (desde enero de 2000 hasta agosto de 2021) y en literatura gris. Los estudios cuantitativos y cualitativos informaron sobre cobertura, creencias, actitudes y/o experiencias con respecto a cualquier vacuna recomendada en niños candidatos o receptores de trasplante de órganos sólidos y/o progenitores hematopoyéticos. Se evaluó la calidad metodológica mediante la herramienta MMAT (Mixed Methods Appraisal Tool). Se llevó a cabo una síntesis narrativa de los estudios. Resultados: Se incluyeron treinta y dos estudios disponibles en treinta y cinco publicaciones. Las intervenciones más estudiadas fueron las vacunas frente a sarampión (n=21; 66%) y hepatitis B (n=20; 62%). Las tasas de inmunización mostraron una alta variabilidad para las vacunas más representadas (concretamente, 2%-100% en sarampión, 0,4%-100% en hepatitis B, difteria-tétanos-tosferina y rubeola), con coberturas inferiores al 90% en al menos el 70% de los estudios. Los valores más bajos se registraron en situación postrasplante y trasplante de progenitores hematopoyéticos. Sólo se identificó un estudio cualitativo que incluyó información sobre creencias y/o actitudes, aunque nueve estudios cuantitativos exploraron aspectos cognitivos. Conclusiones: Esta revisión muestra una elevada variabilidad en la cobertura vacunal de niños candidatos o receptores de trasplante, con cifras generalmente inferiores a las recomendadas. Sería necesario desarrollar más estudios que contribuyan a identificar creencias y actitudes sobre inmunización en este contexto. [EN] Objective: Vaccine-preventable infectious diseases are a cause of morbidity and mortality in transplanted children. The main objective of this study was to synthesize the available evidence of vaccination coverage in children and adolescents who are candidates or transplant recipients and to analyze beliefs, attitudes, and experiences about vaccination. Methods: A mixed-methods systematic review was performed (Open Science Framework registration: https://osf.io/auqn3/). Searches were conducted in PubMed/MEDLINE, EMBASE, IBECS and LILACS (from January 2000 to August 2021) and in gray literature. Quantitative and qualitative studies reported information on coverage, beliefs, attitudes and/or experiences about recommended vaccines in children who are candidates or recipients of solid organ or hematopoietic progenitor transplantation. Quality assessment was undertaken using Mixed Methods Appraisal Tool (MMAT). A narrative synthesis of the studies was carried out. Results: A total of thirty-two studies in thirty-five publications were included. The most studied interventions were vaccines against measles (n=21; 66%) and hepatitis B (n=20; 62%). Vaccination rates showed a high variability for the most represented vaccines (specifically, 2%-100% for measles, 0.4%-100% for hepatitis B, diphtheria-tetanus-pertussis and rubella), with coverages lower than 90% in at least 70% of the studies. The lowest rates were reported in post-transplantation and hematopoietic stem cell transplantation. Only one qualitative study was identified reporting information on beliefs and/or attitudes, although nine quantitative studies explored cognitive aspects. Conclusions: This review shows a high variability in vaccination coverage in children and adolescents who are transplant candidates or recipients, with rates lower than those recommended. Further studies would be needed to identify beliefs and attitudes about immunization in this context.</subfield>
   </datafield>
   <datafield ind1="8" ind2=" " tag="024">
      <subfield code="a">Rev Esp Salud Publica. 2023 Mar 30;97:e202303025.</subfield>
   </datafield>
   <datafield ind1="8" ind2=" " tag="024">
      <subfield code="a">http://hdl.handle.net/20.500.12105/16349</subfield>
   </datafield>
   <datafield ind1="8" ind2=" " tag="024">
      <subfield code="a">36999242</subfield>
   </datafield>
   <datafield ind1="8" ind2=" " tag="024">
      <subfield code="a">2173-9110</subfield>
   </datafield>
   <datafield ind1="8" ind2=" " tag="024">
      <subfield code="a">Revista espanola de salud publica</subfield>
   </datafield>
   <datafield tag="653" ind2=" " ind1=" ">
      <subfield code="a">Trasplante</subfield>
   </datafield>
   <datafield tag="653" ind2=" " ind1=" ">
      <subfield code="a">Vacunas</subfield>
   </datafield>
   <datafield tag="653" ind2=" " ind1=" ">
      <subfield code="a">Programas de Inmunización</subfield>
   </datafield>
   <datafield tag="653" ind2=" " ind1=" ">
      <subfield code="a">Niño</subfield>
   </datafield>
   <datafield tag="653" ind2=" " ind1=" ">
      <subfield code="a">Adolescente</subfield>
   </datafield>
   <datafield tag="653" ind2=" " ind1=" ">
      <subfield code="a">Revisión Sistemática</subfield>
   </datafield>
   <datafield tag="653" ind2=" " ind1=" ">
      <subfield code="a">Transplantation</subfield>
   </datafield>
   <datafield tag="653" ind2=" " ind1=" ">
      <subfield code="a">Vaccines</subfield>
   </datafield>
   <datafield tag="653" ind2=" " ind1=" ">
      <subfield code="a">Immunization Programs</subfield>
   </datafield>
   <datafield tag="653" ind2=" " ind1=" ">
      <subfield code="a">Child</subfield>
   </datafield>
   <datafield tag="653" ind2=" " ind1=" ">
      <subfield code="a">Adolescent</subfield>
   </datafield>
   <datafield tag="653" ind2=" " ind1=" ">
      <subfield code="a">Systematic Review</subfield>
   </datafield>
   <datafield ind2="0" ind1="0" tag="245">
      <subfield code="a">Cobertura vacunal, creencias  y actitudes en niños y adolescentes  trasplantados: una revisión  sistemática de métodos mixtos</subfield>
   </datafield>
</record></metadata></record></GetRecord></OAI-PMH>